<?xml version="1.0" encoding="UTF-8"?>
<record
    xmlns:xsi="http://www.w3.org/2001/XMLSchema-instance"
    xsi:schemaLocation="http://www.loc.gov/MARC21/slim http://www.loc.gov/standards/marcxml/schema/MARC21slim.xsd"
    xmlns="http://www.loc.gov/MARC21/slim">

  <leader>01588nam a22001697a 4500</leader>
  <controlfield tag="008">180208b        xxu||||| |||| 00| 0 eng d</controlfield>
  <datafield tag="020" ind1=" " ind2=" ">
    <subfield code="a">0781743540</subfield>
  </datafield>
  <datafield tag="050" ind1=" " ind2=" ">
    <subfield code="a">RT48.6.C386</subfield>
  </datafield>
  <datafield tag="100" ind1=" " ind2=" ">
    <subfield code="a">CARPENITO-MOYET, Lynda Juall</subfield>
  </datafield>
  <datafield tag="245" ind1=" " ind2=" ">
    <subfield code="a">Nursing diagnosis: application to clinical practice. /</subfield>
    <subfield code="c">Lynda Juall Carpenito-Moyet</subfield>
  </datafield>
  <datafield tag="250" ind1=" " ind2=" ">
    <subfield code="a">10th ed.</subfield>
  </datafield>
  <datafield tag="260" ind1=" " ind2=" ">
    <subfield code="a">Philadelphia:</subfield>
    <subfield code="b">Lippincott Williams &amp; Wilkins,</subfield>
    <subfield code="c">2004.</subfield>
  </datafield>
  <datafield tag="300" ind1=" " ind2=" ">
    <subfield code="a">xviii, 1019p.:</subfield>
    <subfield code="c">28cm</subfield>
  </datafield>
  <datafield tag="500" ind1=" " ind2=" ">
    <subfield code="a">Includes appendix, bibliography and index.</subfield>
  </datafield>
  <datafield tag="505" ind1=" " ind2=" ">
    <subfield code="a">Contents: Section One: Nursing diagnosis in the nursing process: Development of nursing diagnosis -- Types and compnents of nursing diagnosis -- Nursing diagnosis: What it is, what it is not -- Nursing diagnoses: Assessment and diagnosis -- Planning care with nursing diagnosis -- Nursing diagnoses: Issues and controversies -- Section two: Manual of nursing diagnosis: Activity intolerance -- Decreased intracranial adaptive capacity -- Impaired adjustment -- Anxiety -- Chronic pain -- Nausea -- Constipation -- Defensive coping -- Diarrhea -- Fatigue -- Grieving -- Growth and development -- Hopelessness -- Risk for falls -- Altered dentition -- Respiratory function, risk for ineffective -- Impaired gas exchange -- Risk for suicide -- Sexual dysfunction -- Spiritual distress -- Tissue Perfusion, Ineffective peripheral -- Stress incontinence -- Section three: Manual of collaborative problems: Potential complication: Cardiac/Vascular -- Potential complication: Muscular/Skeletal -- Potential complication: Medication Therapy adverse effects. </subfield>
  </datafield>
  <datafield tag="942" ind1=" " ind2=" ">
    <subfield code="2">lcc</subfield>
    <subfield code="c">BK</subfield>
  </datafield>
  <datafield tag="999" ind1=" " ind2=" ">
    <subfield code="c">6501</subfield>
    <subfield code="d">14001</subfield>
  </datafield>
  <datafield tag="952" ind1=" " ind2=" ">
    <subfield code="0">0</subfield>
    <subfield code="1">0</subfield>
    <subfield code="2">lcc</subfield>
    <subfield code="4">0</subfield>
    <subfield code="7">0</subfield>
    <subfield code="a">WIUC-1</subfield>
    <subfield code="b">WIUC-1</subfield>
    <subfield code="c">NURS L.</subfield>
    <subfield code="d">2018-02-08</subfield>
    <subfield code="l">0</subfield>
    <subfield code="o">RT48.6.C386</subfield>
    <subfield code="p">NURS/427/089/18</subfield>
    <subfield code="r">2018-02-08 00:00:00</subfield>
    <subfield code="t">1</subfield>
    <subfield code="w">2018-02-08</subfield>
    <subfield code="y">BK</subfield>
  </datafield>
</record>
